000
00205 a2200097 4500
001
30848
100
_a
Heywood, R
245
_a
The Infinite hive
260
_a
London
_b
Pan Books
_c
090
_c
20745
_d
20745
942
_a
NUST-CAE
_c
M
_c
11942
999
_c
265921
_d
265921